000 00369nam a2200145Ia 4500
008 230917s9999||||xx |||||||||||||| ||und||
040 _e135299
_aMAIN
041 _aEnglish
082 _a006.3 M688U
100 _aMishkoff,C.Henry
245 0 _aUnderstanding Artificial Intellegence
260 _aNew Delhi
_bBPB Publications
_c1986
300 _a258p p.
942 _cBK
999 _c65902
_d65902